000 00290nam a22001337a 4500
008 170127b xxu||||| |||| 00| 0 eng d
020 _abk15869706
041 _aeng
080 _25TH
_a61
100 _a3
101 _aSHM
245 _aHEALTH PROFESSIONS
_cSTANFIELD, P.S
942 _2udc
_cBK
999 _c3898
_d3898